000
00259 a2200121 4500
001
125349
020
_a
9780439059213
040
_c
Escola Canadense de Niteroi
100
_a
Fleming, Maria
245
1
0
_a
Mini-Book of the Week
362
0
_a
2005
942
_c
BK
999
_c
125349
_d
125349